| 000 | 01447nam a2200361 a 4500 | ||
|---|---|---|---|
| 001 | ebr10675000 | ||
| 003 | CaPaEBR | ||
| 006 | m u | ||
| 007 | cr cn||||||||| | ||
| 008 | 100901s2010 nyuab sb 001 0 eng d | ||
| 010 | _z 2010459409 | ||
| 020 | _z9781608769667 (hbk.) | ||
| 020 | _z9781616685126 (e-book) | ||
| 040 |
_aCaPaEBR _cCaPaEBR |
||
| 035 | _a(OCoLC)709778530 | ||
| 043 | _an-us--- | ||
| 050 | 1 | 4 |
_aHF1014 _b.U19 2010eb |
| 082 | 0 | 4 |
_a382.60973 _222 |
| 245 | 0 | 0 |
_aU.S. trade, protectionism and the global economic downturn _h[electronic resource] / _cAndrew J. Caldwel, editor. |
| 260 |
_aNew York : _bNova Science Publishers, Inc., _cc2010. |
||
| 300 |
_axiv, 130 p. : _bill. (some col.), maps. |
||
| 490 | 1 | _aGlobal economic studies | |
| 504 | _aIncludes bibliographical references and index. | ||
| 533 |
_aElectronic reproduction. _bPalo Alto, Calif. : _cebrary, _d2013. _nAvailable via World Wide Web. _nAccess may be limited to ebrary affiliated libraries. |
||
| 650 | 0 |
_aBalance of trade _zUnited States. |
|
| 650 | 0 |
_aProtectionism _zUnited States. |
|
| 650 | 0 | _aGlobal Financial Crisis, 2008-2009. | |
| 655 | 7 |
_aElectronic books. _2local |
|
| 700 | 1 | _aCaldwell, Andrew J. | |
| 710 | 2 | _aebrary, Inc. | |
| 830 | 0 | _aGlobal economic studies (Nova Science Publishers) | |
| 856 | 4 | 0 |
_uhttp://site.ebrary.com/lib/rucke/Doc?id=10675000 _zAn electronic book accessible through the World Wide Web; click to view |
| 999 |
_c163883 _d163883 |
||